One Of Your Girls - Troye Sivan (All Lyrics) - Statistics

General Stats
  • This quiz has been taken 127 times
  • The average score is 214 of 240
Answer Stats
Answer % Correct
a
100%
be
100%
call
100%
ever
100%
girls
100%
I
100%
like
100%
me
100%
one
100%
you,
100%
You
100%
you
100%
your
100%
Give
99%
I'll
99%
lonely
99%
of
99%
if
98%
the
97%
it
96%
to
96%
no
95%
baby
94%
baby,
94%
Baby,
94%
credit
92%
face
92%
Face
92%
get
92%
get)
92%
Look
92%
want
92%
at
91%
cash,
91%
and
90%
card,
90%
in
90%
my
90%
desperate
89%
do
89%
Everybody
89%
(Everybody)
89%
heart
89%
keep
89%
key
89%
or
88%
said
88%
secret
88%
what
88%
homies
87%
need
87%
Say
87%
got
86%
don't
84%
loves
84%
should
84%
speak,
84%
Yes,
83%
Sweet
81%
wants
78%
that
76%
God,
75%
application
74%
around
74%
front
73%
interview
73%
right
73%
I'm
72%
Skip
72%
trademark
72%
But,
70%
But
70%
first
69%
place
69%
Standin'
69%
culture,
68%
as
67%
let
67%
nobody
66%
Pop
66%
bad
63%
block
62%
case,
62%
plead
60%
can
59%
waist
58%
yeah
57%
Marabou
56%
insure
55%
highest
54%
down
51%
Ah
47%
Linin'
47%
(With
47%
policy
43%
Look-look
28%
iconocraphy
8%
Ah (Ah-ah-ah)
6%
No matching quizzes found
Score Distribution
Percent of People with Each Score
Percentile by Number Answered
Your Score History
You have not taken this quiz